书目信息 |
| 题名: |
马克思与西方政治思想传统
|
|
| 作者: | 阿伦特 著 ;孙传钊 译 | |
| 分册: | ||
| 出版信息: | 南京 江苏人民出版社 2007 |
|
| 页数: | 215页 | |
| 开本: | 23cm | |
| 丛书名: | 汉译精品 | |
| 单 册: | ||
| 中图分类: | D095 , A811.64 , A811.64 | |
| 科图分类: | ||
| 主题词: | 马克思主义--关系--政治思想史--西方国家 , 马克思主义 , 政治思想史 , 马恩著作--学习 , 马恩著作研究 | |
| 电子资源: | ||
| ISBN: | 978-7-214-04517-1 | |
| 000 | 01412oam2 2200361 450 | |
| 001 | 0960602899 | |
| 005 | 20090928165234.93 | |
| 010 | @a978-7-214-04517-1@dCNY16.80 | |
| 100 | @a20070327d2007 em y0chiy50 ea | |
| 101 | 1 | @achi@ceng |
| 102 | @aCN@b320000 | |
| 105 | @ay z 000yy | |
| 106 | @ar | |
| 200 | 1 | @a马克思与西方政治思想传统@Ama ke si yu xi fang zheng zhi si xiang chuan tong@f(美)汉娜·阿伦特(Hannah Arendt)著@g孙传钊译 |
| 210 | @a南京@c江苏人民出版社@d2007 | |
| 215 | @a215页@d23cm | |
| 225 | 2 | @a汉译精品@i政治经济 |
| 312 | @a英文原名:Karl Marx and the tradition of western political thought | |
| 330 | @a本书包括阿伦特研究马克思思想中所含的西欧传统要素的两个手稿及断片文献,着重考察马克思的劳动观、国家理论与西方政治思想间的内在联系与差异,试图理清马克思思想与西方政治思想传统的发展脉络,并就劳动观等问题提出作者本人的看法。 | |
| 462 | 0 | @1001003396340 |
| 510 | 1 | @aKarl Marx and the tradition of western political thought@zeng |
| 606 | 0 | @a马克思主义@x关系@x政治思想史@y西方国家 |
| 606 | 0 | @a马克思主义 |
| 606 | 0 | @a政治思想史 |
| 606 | 0 | @a马恩著作@x学习 |
| 606 | 0 | @a马恩著作研究 |
| 690 | @aD095@v4 | |
| 690 | @aA811.64@v4 | |
| 690 | @aA811.64@v4 | |
| 701 | 0 | @c(美)@a阿伦特@c(Arendt, Hannah@f1906~1975)@Aa lun te@4著 |
| 702 | 0 | @a孙传钊@c(翻译)@Asun chuan zhao@4译 |
| 801 | 0 | @aCN@b110019@c20070517 |
| 905 | @a10447@dA811.64@eJY30 | |
| 马克思与西方政治思想传统/(美)汉娜·阿伦特(Hannah Arendt)著/孙传钊译 .-南京:江苏人民出版社,2007 |
| 215页;23cm .-(汉译精品.政治经济 ) |
| ISBN 978-7-214-04517-1:CNY16.80 |
| 本书包括阿伦特研究马克思思想中所含的西欧传统要素的两个手稿及断片文献,着重考察马克思的劳动观、国家理论与西方政治思想间的内在联系与差异,试图理清马克思思想与西方政治思想传统的发展脉络,并就劳动观等问题提出作者本人的看法。 |
| ● |
| 相关链接 |
|
|
|
|
正题名:马克思与西方政治思想传统
索取号:A811.64/JY30
 
预约/预借
| 序号 | 登录号 | 条形码 | 馆藏地/架位号 | 状态 | 备注 |
| 1 | 7804954 | 278049540 | 学院路分馆/ [索取号:A811.64/JY30] | 在馆 | |
| 2 | 7804955 | 278049559 | 学院路分馆/ [索取号:A811.64/JY30] | 在馆 | |
| 3 | 7804956 | 278049568 | 学院路分馆/ [索取号:A811.64/JY30] | 在馆 | |
| 4 | 7804957 | 278049577 | 学院路分馆/ [索取号:A811.64/JY30] | 在馆 |